000 00744nam a2200217Ii 4500
003 JO-AjNU
008 230605s9999||||xx |||||||||||||| ||und||
017 _a2008/11/1985
040 _aJO-AjNU
_bara
_erda
_cJO-AjNU
041 _aara
050 1 4 _aHF5438.4.A7422.2010
100 3 _aالعسكري،احمد شاكر,
_eauthor
_929318
245 0 0 _aادارة المبيعات: مدخل كمي وسلوكي واداري
250 _aط1
264 3 1 _aعمان:دار زهران للنشر والتوزيع؛2010
300 _a248ص
_bيحتوي على ببلوغرافية من ص235-248ص
336 _atext
_btxt
_2rdacontent
337 _aunmediated
_bn
_2rdamedia
338 _avolume
_bnc
_2rdacarrier
650 4 _aتسويق
_929319
999 _aA11482
_c15050
_d15050